Normal view MARC view

Entry Personal Name

Number of records used in: 2

001 - CONTROL NUMBER

  • control field: 68726

003 - CONTROL NUMBER IDENTIFIER

  • control field: dpl

005 - DATE AND TIME OF LATEST TRANSACTION

  • control field: 20240722170921.0

008 - FIXED-LENGTH DATA ELEMENTS

  • fixed length control field: 240722|| aca||aabn | a|a d

040 ## - CATALOGING SOURCE

  • Original cataloging agency: dpl
  • Transcribing agency: dpl

100 ## - HEADING--PERSONAL NAME

  • Personal name: प्रह्लाद रामशरण

670 ## - SOURCE DATA FOUND

  • Source citation: Work cat.: (dpl)204281: प्रह्लाद रामशरण, इन्द्रधनुषी मॉरिशस गणराज्य की लोक कथाएँ /, 2019

© Delhi Public Library
Hit Counter
free hit counter